Piramida żywienia - Statystyki

Ogólne statystyki
  • Ten quiz został rozwiązany 23 razy
  • Średni wynik to 9 z 19
Statystyki odpowiedzi
Hint Odpowiedź % Poprawnych
tenis stopień 1 - najważniejsze
89%
kolarstwo stopień 1 - najważniejsze
89%
lekkoatletyka stopień 1 - najważniejsze
84%
koszykówka stopień 1 - najważniejsze
84%
łyżwy stopień 1 - najważniejsze
84%
zboże stopień 2 - ważne
68%
słodycze stopień 5 - nie spożywaj
58%
kefir stopień 3 - neutralne
53%
małże stopień 3 - neutralne
47%
mleko stopień 3 - neutralne
42%
bagietka stopień 2 - ważne
37%
ser stopień 3 - neutralne
37%
chleb stopień 2 - ważne
32%
krewetka stopień 3 - neutralne
32%
jogurt stopień 3 - neutralne
26%
jajko stopień 3 - neutralne
21%
olej stopień 5 - nie spożywaj
21%
ryba stopień 3 - neutralne
16%
mięso stopień 4 - ograniczaj
5%
Nie znaleziono quizów pasujących do podanych kryteriów
Rozkład punktacji
Procent ludzi z każdym wynikiem
Percentyl według liczby udzielonych odpowiedzi
Twoja historia wyników
Nie rozwiązałeś tego quizu